00209nam a2200085Ia 4500008004100000041000800041100001300049245004400062260001700106230508s1999 xx 000 0 und d aeng aSAY M.G. aTHE PERFORMANCE & DESIGN OF ALTERNETING bC.B.S.c1999